| 000 | 00565nam a22001337a 4500 | ||
|---|---|---|---|
| 005 | 20260228062518.0 | ||
| 008 | 241011b |||||||| |||| 00| 0 eng d | ||
| 100 |
_aSanto, Aurelia Di. _eauthor. _962807 |
||
| 245 |
_aPlease remember us : _biact's little ripples helping refugee families during the pandemic / _cAurelia Di Santo, and Katie-Jay Scott. |
||
| 260 |
_aWashington; _bTaylor & Francis Group, _cJuly-August 2020. |
||
| 300 |
_aVolume 96, pages 6-13, _billustration. |
||
| 700 |
_aDi Santo, Aurelia. _eauthor. _c and Katie-Jay Scott. _962806 |
||
| 942 |
_2ddc _cPER |
||
| 999 |
_c22494 _d22494 |
||